000 01214nam a2200397Ia 4500
003 GCL
005 20240530101753.0
008 140319s9999 xx 000 0 ara d
040 _aGCL /
_cGCL
082 0 4 _a191
_bع د
100 1 _aعبدالرحمن بدوى
245 1 0 _aدراسات فى الفلسفة الوجودية /
_cعبدالرحمن بدوى
260 _a[S.N] :
_bالمؤسسة العربية للدراسات والنشر
300 _a311 ص ؛
_c24 سم.
600 0 _aكير كجور.
600 0 _aسارتر.
600 0 _aجبرييل مارسل.
600 0 _aنقولا برديائف.
600 0 _aالبير كامى.
600 0 _aاونامونو.
600 0 _aاورتيجا.
600 0 _aكارل يسبرز.
600 0 _aهيدجر.
650 0 4 _aالعلم
650 0 4 _aالفلسفة
650 0 4 _aالوجودية
650 0 4 _aالفلسفة الحديثة
650 0 4 _aالمادية
650 0 4 _aالالوهية
650 0 4 _aالفلاسفة
650 0 4 _aالفلسفة الغربية
650 0 4 _aالديكارتية
650 0 4 _aالماهونية
650 0 4 _aما وراء الطبيعة, علم
942 _2ddc
_cBK
999 _c27610
_d27610